000 00595nab a2200145 4500
003 ES-SlBCS
005 20210327231206.0
008 141106s2014 br ||||| |||| 00| 0 por d
040 _aES-SlBCS
_bspa
100 1 _aPagni, Pedro Ângelo
_9209212
245 1 0 _aFilosofia da educaçao no Brasil
_b: concepçoes, impasses e desafios para a sua constituiçao como campo de pesquisa e o seu ensino nas duas últimas décadas
_cPedro Ângelo Pagni
650 0 4 _aFilosofía
_zBrasil
_9406989
773 0 _gVol. 28, Nº 56, 2014, págs. 773-808
_tEducaçao e Filosofia
_wRev1534
_x0102-6801
942 _2lcc
_cAR
999 _c849503
_d849503